000
00254nam a2200097Ia 4500
001
1204297
005
20250827022725.0
008
250824s9999 xx 000 0 und d
245
0
_a
KOCAKAFA NATE BEŞ PARASIZ
_c
LİNCOLN PEİRCE
260
_b
ALTIN KİTAPLAR
999
_c
1204297
_d
1204297